00559nam a22001577a 450000500170000002000220001703500130003903700130005210000300006524500780009526000440017330000250021794200250024299900170026795201170028420120502141410.0 a8185565791c00.00 aA-948822 aDPLbENG aMishra, Madhusudan946226 aBharatiya Janata Party and India's foreign policy /cby Madhusudan Mishra aNew DelhibUppal Publishing Housec1997 aviii, 268p.c20 cms. 2ddccENh327.54mMIS c66006d66006 001040708NFICaZLSbZLSd2012-05-02g0.00l0o327.54 MISpA-948822r2012-05-02 00:00:00v0.00w2012-05-02yEN